| 000 | 00403nam a2200157Ia 4500 | ||
|---|---|---|---|
| 008 | 160316s1990 xxu||||| |||| 00| 0 eng d | ||
| 082 |
_a344.046000 _bDES |
||
| 100 | _aDesai Bharat | ||
| 245 | _aWater pollution in India | ||
| 250 | _a | ||
| 260 |
_aNew Delhi _bLancer Books _c1990 |
||
| 300 |
_a282p _b _c |
||
| 365 | _bRs225/- | ||
| 650 | _a1.Environmental Law - Water Pollution - India | ||
| 700 |
_a _a |
||
| 999 |
_c5821 _d5821 |
||